|
|
|
|
| LEADER |
00000nas a2200000 a 4500 |
| 001 |
ssj0007822 |
| 003 |
WaSeSS |
| 005 |
20200512172242.0 |
| 006 |
m d |
| 007 |
cr n |
| 008 |
930104d19932001caubr p s bo 0 a0eng c |
| 010 |
|
|
|a sn 93000026
|
| 016 |
|
|
|a (AMICUS)000012505099
|
| 022 |
|
|
|l 1067-3881
|y 1067-3881
|
| 032 |
|
|
|a 319554
|b USPS
|
| 035 |
|
|
|a (WaSeSS)ssj0007822
|
| 040 |
|
|
|a MUU
|b eng
|c MUU
|d NSD
|d EYM
|d NST
|d WAU
|d DLC
|d IUL
|d MYG
|d OCL
|d EBZ
|d CUS
|d IUL
|d OCLCQ
|d MUQ
|d HUL
|d OCLCQ
|d DLC
|d OCLCF
|d OCLCO
|d OCL
|d OCLCO
|d NLC
|d DLC
|d MNS
|d OCLCQ
|d CNO
|d PAU
|d OCLCQ
|d HTM
|d IUL
|d WaSeSS
|
| 042 |
|
|
|a nsdp
|a pcc
|
| 050 |
0 |
0 |
|a ML1
|b .P66
|
| 082 |
1 |
0 |
|a 786
|2 12
|
| 210 |
0 |
|
|a Piano keyboard
|
| 222 |
|
0 |
|a Piano & keyboard
|
| 245 |
0 |
0 |
|a Piano & keyboard
|h [electronic resource] :
|b the bimonthly piano quarterly.
|
| 246 |
1 |
0 |
|a Piano and keyboard
|
| 260 |
|
|
|a San Anselmo, CA :
|b String Letter Press,
|c ©1993-2001.
|
| 260 |
3 |
|
|3 <Aug. 1995>-2001:
|a San Anselmo, CA :
|b SparrowHawk Press
|
| 310 |
|
|
|a Bimonthly
|
| 362 |
0 |
|
|a No. 160 (Jan./Feb. 1993)-no. 208 (Jan./Feb. 2001).
|
| 500 |
|
|
|a Title from cover.
|
| 506 |
|
|
|a License restrictions may limit access.
|
| 650 |
|
0 |
|a Piano
|v Periodicals.
|
| 650 |
|
0 |
|a Keyboard instruments
|v Periodicals.
|
| 650 |
|
0 |
|a Piano music
|v Bibliography
|v Periodicals.
|
| 650 |
|
0 |
|a Piano music
|v Discography
|v Periodicals.
|
| 650 |
|
6 |
|a Piano
|v Périodiques.
|
| 650 |
|
6 |
|a Piano, Musique de
|x Bibliographie
|v Périodiques.
|
| 650 |
|
6 |
|a Piano, Musique de
|x Discographie
|v Périodiques.
|
| 650 |
|
6 |
|a Instruments à clavier
|v Périodiques.
|
| 650 |
|
7 |
|a Keyboard instruments.
|2 fast
|0 (OCoLC)fst00986996
|
| 650 |
|
7 |
|a Piano.
|2 fast
|0 (OCoLC)fst01063355
|
| 650 |
|
7 |
|a Piano music.
|2 fast
|0 (OCoLC)fst01063403
|
| 650 |
|
4 |
|a Journals.
|
| 655 |
|
0 |
|a Electronic journals.
|
| 780 |
0 |
0 |
|t Piano quarterly
|x 0031-9554
|w (DLC) 58045092
|w (OCoLC)4631597
|
| 850 |
|
|
|a AAP
|a InU
|a MiU
|a NSyU
|a NcU
|a WaU
|
| 853 |
2 |
0 |
|8 1
|a no.
|v c
|i (year)
|j (month/month)
|w b
|
| 856 |
4 |
0 |
|z Full text available from Research Library: 05/01/1998 to 01/31/2001
|u https://search.proquest.com/publication/47392
|
| 863 |
4 |
1 |
|8 1.1
|a 160
|i 1993
|j 01/02
|